Normal view
MARC view
- Awange, Joseph
Entry Personal Name
001 - CONTROL NUMBER
- control field: 51501
003 - CONTROL NUMBER IDENTIFIER
- control field: NUST
005 - DATE AND TIME OF LATEST TRANSACTION
- control field: 20210314135009.0
008 - FIXED-LENGTH DATA ELEMENTS
- fixed length control field: 210314|| aca||aabn | a|a d
040 ## - CATALOGING SOURCE
- Original cataloging agency: NUST
- Transcribing agency: NUST
100 ## - HEADING--PERSONAL NAME
- Personal name: Awange, Joseph
670 ## - SOURCE DATA FOUND
- Source citation: Work cat.: (NUST): Walkar, John 51500, Surveying for civil and mine engineers., 2018.
